00350 a2200109 4500001001000000005001700010008004100027245006300068100002500131773006700156999001700223ART_1087820260410161732.0260409a 10aCiclo económico Desalentar la Tentación Inflacionaria1 aSturzenegger, Adolfo0 tEjecutivos de finanzasg- Año 3, Nº 27 (may. 1986)wREV2863 c17922d17922